Code civil.
Gorde:
| Egile nagusia: | |
|---|---|
| Beste egile batzuk: | , , , |
| Formatua: | Liburua |
| Hizkuntza: | frantsesa |
| Argitaratua: |
Paris, France:
Editions Dalloz,
2008.
|
| Edizioa: | Cent-Septième édition. |
| Gaiak: | |
| Etiketak: |
Etiketa erantsi
Etiketarik gabe, Izan zaitez lehena erregistro honi etiketa jartzen!
|
MARC
| LEADER | 00000cam a2200000 a 4500 | ||
|---|---|---|---|
| 001 | UCC7450 | ||
| 003 | CL-VaPUC | ||
| 005 | 20220822114414.0 | ||
| 008 | 190329e20080000fr |||||||||||||||||fre|d | ||
| 999 | |c 374086 |d 374084 | ||
| 020 | |a 978-2-24707439-6 | ||
| 040 | |c Pontificia Universidad Católica de Valparaíso | ||
| 082 | 0 | 4 | |a 346.44 TIS 2008 |2 21 |
| 100 | 0 | |a Tisserand-Martin, Alice |e auteur |9 602066 | |
| 245 | 1 | 0 | |a Code civil. |
| 250 | |a Cent-Septième édition. | ||
| 260 | |a Paris, France: |b Editions Dalloz, |c 2008. | ||
| 300 | |a 2664 páginas. | ||
| 500 | |a c.2 Donación Familia Prof. Alejandro Guzmán Brito. | ||
| 583 | |a last modification |c 20190329 16:06:00 |k Rodrigo Vera | ||
| 650 | 0 | |a Derecho civil francés |9 395571 | |
| 700 | 0 | |a Wiederkehr, Georges |e auteur |9 602067 | |
| 700 | 0 | |a Jacob, Francois |e auteur |9 602068 | |
| 700 | 0 | |a Henry, Xavier |e auteur |9 602069 | |
| 700 | 0 | |a Venandet, Guy |e auteur |9 602070 | |
| 942 | |c BK |2 ddc |n 0 | ||
| 945 | |d 20190329 16:06:00 |a dcastane | ||
| 952 | |0 0 |1 0 |3 erd |4 0 |6 346_440000000000000_TIS_2008 |7 0 |8 A |9 492448 |a BIBDER |b BIBDER |i 5539730 |l 1 |m 1 |o 346.44 TIS 2008 |p 5539730 |r 2023-01-25 |s 2022-09-20 |w 2019-11-24 |y BK |z Catalogado en:20190329 |k DER | ||
| 952 | |0 0 |1 0 |2 ddc |4 0 |6 346_440000000000000_TIS_2008 |7 1 |8 C_AGB |9 581219 |a BIBDER |b BIBDER |d 2022-02-08 |e Donación |i 5645662 |o 346.44 TIS 2008 |p 5645662 |r 2023-01-25 |t 2 |w 2022-02-08 |y BK_US |k AGB | ||